Tecnología del calore (Record no. 54095)

MARC details
000 -LEADER
campo de control de longitud fija 00587nam a22001695i 4500
001 - NÚMERO DE CONTROL
campo de control 54095
003 - IDENTIFICADOR DE NÚMERO DE CONTROL
campo de control ES-MaACL
005 - FECHA Y HORA DE LA ÚLTIMA TRANSACCIÓN
campo de control 20230906162909.0
007 - CAMPO FIJO DE DESCRIPCIÓN FÍSICA--INFORMACIÓN GENERAL
campo de control de longitud fija t|
008 - DATOS DE LONGITUD FIJA--INFORMACIÓN GENERAL
campo de control de longitud fija 960710s1876 it ||||1| ita d
040 ## - FUENTE DE CATALOGACIÓN
Centro catalogador/agencia de origen CAM
Lengua de catalogación spa
Centro/agencia transcriptor CAM
100 1# - ENTRADA PRINCIPAL--NOMBRE DE PERSONA
Nombre de persona Ferrini, Rinaldo.
9 (RLIN) 50585
245 10 - MENCIÓN DEL TÍTULO
Título Tecnología del calore
Resto del título : apparecchi di combustione, camini, fornaci, scaldamento e ventilazione degli ambienti, ecc. /
Mención de responsabilidad, etc. di Rinaldo Ferrini.
260 ## - PUBLICACIÓN, DISTRIBUCIÓN, ETC.
Lugar de publicación, distribución, etc. Milano :
Nombre del editor, distribuidor, etc. Ulrico Hoepli, libraio-editore,
Fecha de publicación, distribución, etc. 1876 (
Fabricante tipi di G. Bernardoni)
300 ## - DESCRIPCIÓN FÍSICA
Extensión XVI, 500 p. ;
Dimensiones 23 cm.
852 ## - LOCALIZACIÓN
Ubicación ES-MaACL
Número de control de estantería G-9552
Holdings
Estatus retirado Estado de pérdida Estado de daño No para préstamo Colección Biblioteca de origen Biblioteca actual Ubicación en estantería Fecha de adquisición Fuente de adquisición Total de préstamos Signatura topográfica completa Código de barras Visto por última vez Precio de reemplazo Tipo de ítem Koha
        Libros del s. XIX Biblioteca del Ateneo de Madrid Biblioteca del Ateneo de Madrid Sala Pecera Planta 3 17/01/2008     G-9552 1056852 23/02/2023 23/02/2023 Libro impreso antiguo